| 000 | 00541nam a2200169Ia 4500 | ||
|---|---|---|---|
| 008 | 140512s9999 xx 000 0 und d | ||
| 020 | _a978971874066X | ||
| 050 |
_aQA 154 _b.Al385 2014 |
||
| 100 | _aAlfarez, Merle S. | ||
| 245 |
_aMSA College Algebra : _bengineering, computer science, business and economics, arts and sciences / _cMerle S. Alfarez |
||
| 260 |
_aQuezon City : _bMSA Publishing House, _cc2014. |
||
| 300 |
_a223 p. : _bill. ; _c26 cm. |
||
| 500 | _aIncludes index. | ||
| 650 | _aAlgebra | ||
| 942 | _cBK | ||
| 999 |
_c116648 _d116648 |
||